Odvetvová analýza slovenskej ekonomiky diplomová práca

Saved in:
Bibliographic Details
Main Author: Rolinec, Štefan
Corporate Author: Národohospodárska fakulta EU. Katedra hospodárskej politiky
Other Authors: Habrman, Michal
Format: Book
Language:Slovak
Published: Bratislava 2016
Tags: Add Tag
No Tags, Be the first to tag this record!

MARC

LEADER 00000nbm a2200000 4500
001 0217829
005 20170201143026.3
041 0 |a slo 
044 |a SK 
245 1 0 |a Odvetvová analýza slovenskej ekonomiky  |b diplomová práca  |c Štefan Rolinec ; školiteľ: Michal Habrman 
264 1 |a Bratislava  |c 2016 
300 |a 55 s. 
100 1 |a Rolinec, Štefan 
700 1 |a Habrman, Michal 
710 2 |a Národohospodárska fakulta EU. Katedra hospodárskej politiky